000 00430nam a22001817a 4500
005 20260120154320.0
008 260120b |||||||| |||| 00| 0 eng d
020 _a9789352025558
_c440.00
040 _aMAIN
041 _aEnglish
082 _a511.8
_bJOT
100 _aJothi, A. Lenin
_925970
245 _aBusiness mathematics
260 _aNew Delhi
_bHimalaya
_c2015
300 _a718
650 _aCommerce
942 _cBK
999 _c60008
_d60008